Compendio de la gramatica (Registro nro. 302067)

Detalles MARC
000 -ENCABEZADO
Número de control [NR] 00966nam a22002297a 4500
005 - FECHA Y HORA DE LA ÚLTIMA TRANSACCIÓN
control field 20151201081217.0
008 - DE LONGITUD FIJA DE DATOS DE ELEMENTOS - INFORMACIÓN GENERAL
Elementos de longitud fija [NR] 151113s1909 ck ||||fr|||| 001 0 spa d
040 ## - FUENTE DE CATALOGACION [NR]
Quien Cataloga Sandra Yazo
Quien Clasifica Sandra Yazo
041 0# - CODIGO DE IDIOMA [R]
Código de idioma para texto/pista de sonido o título separado [R] Español
082 04 - NUMERO DE CLASIFICACION DECIMAL DEWEY [R]
Número de la edición [NR] 20
Número de clasificación [R] 475
092 ## - SIGNATURA TOPOGRAFICA LOCAL
Número de clasificación local E37N167
245 00 - MENCION DE TITULO [NR]
Título [NR] Compendio de la gramatica
Parte restante del título [NR] con ejercicios prácticos
Mención de responsabilidad, etc. [NR] por J. F. S.
260 ## - PUBLICACION, DISTRIBUCION, ETC. (PIE DE IMPRENTA) [R]
Lugar de publicación, distribución, etc. [R] Popayan (Colombia)
Nombre del editor, distribuidor, etc. [R] Imprenta de "La Tarde"
Fecha de publicación, distribución, etc. [R] 1909
300 ## - DESCRIPCION FISICA [R]
Extensión [R] 55 páginas
Dimensiones [R] 16 x 17 cm.
500 ## - NOTA GENERAL [R]
Nota general [NR] Detalles físicos: Encuadernación rígida (holandesa) cartón forrado en papel. Lomo en tela. Guardas. Portada impresa en una sola columna. Papel manchado
505 2# - NOTA DE CONTENIDO CON FORMATO PREESTABLECIDO [R]
Nota de contenido con formato preestablecido [NR] Analogía ; Sintaxis: De la concordancia ; Del régimen ; De la unión de las proposiciones ; Gramática
506 ## - NOTA DE RESTRICCIONES DE ACCESO [R]
Condiciones de acceso [NR] Consulta en sala
650 #7 - ASIENTO SECUNDARIO DE MATERIA - TERMINO TEMATICO [R]
9 (RLIN) 14594
Término temático o nombre geográfico como elemento de entrada [NR] Enseñanza del idioma
Subdivisión general [R] Latín
650 #7 - ASIENTO SECUNDARIO DE MATERIA - TERMINO TEMATICO [R]
9 (RLIN) 18289
Término temático o nombre geográfico como elemento de entrada [NR] Latín
Subdivisión general [R] Libros de texto
690 ## - ASUNTO AGREGADO LOCAL DE ENTRADA - TÉRMINO TEMÁTICO (OCLC, RLIN)
9 (RLIN) 42858
Acceso temático local Lingüística aplicada
942 ## - ELEMENTOS DE ENTRADA AGREGADOS (KOHA)
Sistema de clasificación LOCAL
Tipo de ítem principal el descrito en 300a Libro
Edición 1
Clasificación E37N167
Existencias
Suprimido Perdido Sistema de clasificación Dañado No prestable Tipo de ítem específico Ubicación habitual Ubicación actual Localización Fecha de creación Forma de adquisición Costo Total préstamos Signatura topográfica Código de barras Última vez visto Ejemplar Price effective from Tipo de ítem
    LOCAL     Libro archivo Archivo Histórico Archivo Histórico Archivo histórico 13/11/2015 Donación 0.00   E37N167 L005272 13/11/2015 Ej.1 13/11/2015 Libro